000 00498pab a2200181 454500
008 180718b2017 xxu||||| |||| 00| 0 eng d
100 _aSahu, Kabita Kumari
245 _aInter-regional, social class and gender disparity in higher education in India
260 _c2017
300 _ap.83-92.
362 _aJan-Mar
650 _aWomen - India
650 _aSocial class - India
650 _aHigher education - India
650 _aHigher education
773 _aVision
909 _a114912
999 _c114906
_d114906